• 首页
  • 本馆介绍
  • 公告通知
  • 最新文献
  • 馆藏检索
  • 电子资源
  • 读者导购
  • 参考咨询
  • 我的图书馆
  • 登录
  • 详细信息显示
  • 放入我的书架
  • 预约/预借图书
  • 作者相关作品
  • 分类相关作品
  • 丛书相关作品
  • 出版社相关作品

书目信息

  • 表格格式
  • 工作单格式
  • 卡片格式
题名:
恐怖主义溯源
    
 
作者: 王逸舟 著
分册:  
出版信息: 北京   社会科学文献出版社  2010.07
页数: 297页
开本: 23cm
丛书名: 国际政治论坛
单 册:
中图分类: D588 , D815.5
科图分类:
主题词: 恐怖主义--研究--世界 , 反恐怖活动--研究--世界 , 恐怖主义 , 反恐怖活动
电子资源:
ISBN: 978-7-5097-1552-9
000 01058oam2 2200325 450
001 012002068739
005 20120626153418.67
010    @a978-7-5097-1552-9@dCNY39.00
100    @a20100805d2010 em y0chiy0110 ea
101 0  @achi
102    @aCN@b110000
105    @ak z 000yy
106    @ar
200 1  @a恐怖主义溯源@9kong bu zhu yi su yuan@dOrigins of terrorism:perception of Chinese@f王逸舟等著@zeng
205    @a2版@b修订版
210    @a北京@c社会科学文献出版社@d2010.07
215    @a297页@d23cm
225 2  @a国际政治论坛
330    @a本书内容包括:反恐斗争需要追根溯源;当代恐怖主义的类型;国家战略与恐怖主义;族际冲突与恐怖主义;宗教问题与恐怖主义等。
461  0 @12001 @a国际政治论坛
510 1  @aOrigins of terrorism:perception of Chinese@zeng
606 0  @a恐怖主义@x研究@y世界
606 0  @a反恐怖活动@x研究@y世界
606 0  @a恐怖主义
606 0  @a反恐怖活动
690    @aD588@v4
690    @aD815.5@v4
701  0 @a王逸舟@9wang yi zhou@4著
801  0 @aCN@bRENTIAN@c20100805
905    @b541380-84@dD588@e186=2@f5
    
    恐怖主义溯源=Origins of terrorism:perception of Chinese/王逸舟等著.-2版,修订版.-北京:社会科学文献出版社,2010.07
    297页;23cm.-(国际政治论坛)
    
    
    ISBN 978-7-5097-1552-9:CNY39.00
    本书内容包括:反恐斗争需要追根溯源;当代恐怖主义的类型;国家战略与恐怖主义;族际冲突与恐怖主义;宗教问题与恐怖主义等。
●
相关链接 在E读中查询图书 在五车中查询图书 在当当中查询图书 在豆瓣中查询图书


正题名:恐怖主义溯源     索取号:D588/186=2         预约/预借

序号 登录号 条形码 馆藏地/架位号 状态 备注
1 541380   205413809   第一样本阅览室/ [索取号:D588/186=2] 在馆    
2 541381   205413818   第一借阅区/ [索取号:D588/186=2] 在馆    
3 541382   205413827   第一借阅区/ [索取号:D588/186=2] 在馆    
4 541383   205413836   第一借阅区/ [索取号:D588/186=2] 在馆    
5 541384   205413845   史法系资料室/ [索取号:D588/186=2] 在馆    
唐山师范学院图书馆 欢迎您!
大连网信软件有限公司© 版权所有